Political risk services on CD-ROM : user's guide January 1996 [
| Format: | Book |
|---|---|
| Published: |
New York:
Data Life,
1996.
|
| Subjects: |
| LEADER | 00427cam a2200133 7i4500 | ||
|---|---|---|---|
| 001 | 0000005210 | ||
| 005 | 19991025090000.0 | ||
| 002 | ##000006827 | ||
| 020 | 0 | 0 | |a T000005398 |
| 090 | 0 | 0 | |a CD-ROM 020-3 |b POL |
| 245 | 0 | 0 | |a Political risk services on CD-ROM : |b user's guide January 1996 [ |m cd-rom]. |
| 260 | 0 | 0 | |a New York: |b Data Life, |c 1996. |
| 650 | 0 | 0 | |a Country risk (Foreign investments) |
| 999 | |a 020-3 |b CD-ROM |c Open shelf |e Business Information Centre | ||